000 01053nam a2200229Ia 4500
001 15656
005 20260420143434.0
008 260306t2023||||xx |||||||||||||| ||und||
041 _aESP
082 _a570.15195
_bA172
100 _aArdila Duarte, Gerardo,
_eAUT
245 0 _aBioestadística descriptiva :
_brigurosamente sencilla
260 _c2023
300 _axviii, 190 páginas :
_c24 cm.
650 _aGEN
654 _aCCN
856 _uhttps://itmsp.museknowledge.com/UCSP?url=https://www.ebooks7-24.com:443/?il=3258&pg=1
_zVéase además: Bioestadística. Versión digital
856 _uhttps://0u213x802-y-https-ebooks7--24-com.itmsp.museknowledge.com/biblioteca.aspx
_zVéase además: Base de datos Ebook7-24
856 _uhttps://0u216x81j-y-https-accessmedicina-mhmedical-com.itmsp.museknowledge.com/
_zVéase además: Base de datos McGraw Hill Access Medicina
856 _uhttps://0u20fx81z-y-https-research-ebsco-com.itmsp.museknowledge.com/c/qxo6us/search
_zVéase además: Base de datos EBSCOhost
942 _cLIB
_dJUS
_fJUS
_2ddc
999 _c15656
_d15656